000 00356nam a2200157Ia 4500
008 231217s9999 xx 000 0 und d
020 _a333903595
041 _aEnglish
082 _a808.83 TAG;1 R
100 _aTagore, Rabindranath.
245 0 _aWreck
260 _c1975
_bMcMillan India Ltd.
300 _a519
650 _aWreck
942 _cAA
999 _c191678
_d191678